Phân lập và tuyển chọn một số dòng vi khuẩn phân hủy propiconazole trong đất trồng lúa ở tỉnh An Giang : Luận văn thạc sĩ. Chuyên ngành Công nghệ Sinh học

Phân lập và tuyển chọn một số dòng vi khuẩn phân hủy propiconazole trong đất trồng lúa ở tỉnh An Giang, góp phần hạn chế ô nhiễm thuốc trừ sâu trên đất trồng lúa

Spremljeno u:
Bibliografski detalji
Glavni autor: Nguyễn, Hoàng Nam
Format: Knjiga
Jezik:Undetermined
Izdano: Cần Thơ Trường Đại học Cần Thơ 2016
Teme:
Oznake: Dodaj oznaku
Bez oznaka, Budi prvi tko označuje ovaj zapis!
Thư viện lưu trữ: Trung tâm Học liệu Trường Đại học Cần Thơ
LEADER 01162nam a2200217Ia 4500
001 CTU_213138
008 210402s9999 xx 000 0 und d
082 |a 660.62 
082 |b N104 
088 |a 60420201 
100 |a Nguyễn, Hoàng Nam 
245 0 |a Phân lập và tuyển chọn một số dòng vi khuẩn phân hủy propiconazole trong đất trồng lúa ở tỉnh An Giang : 
245 0 |b Luận văn thạc sĩ. Chuyên ngành Công nghệ Sinh học 
245 0 |c Nguyễn Hoàng Nam ; Trần Nhân Dũng, Nguyễn Hữu Hiệp (Cán bộ hướng dẫn) 
260 |a Cần Thơ 
260 |b Trường Đại học Cần Thơ 
260 |c 2016 
520 |a Phân lập và tuyển chọn một số dòng vi khuẩn phân hủy propiconazole trong đất trồng lúa ở tỉnh An Giang, góp phần hạn chế ô nhiễm thuốc trừ sâu trên đất trồng lúa 
650 |a Agricultural microbiology,Vi sinh vật học nông nghiệp 
904 |i Nguyên 
980 |a Trung tâm Học liệu Trường Đại học Cần Thơ